00715nam a2200217 i 450000100060000000300090000600500170001500700030003200800410003502000180007608000280009410000280012224500460015026000370019630000220023349000310025583000390028685200330032599900170035895201220037592645ES-MaACL20230906181025.0t|050412s1996 sp ||||1| spa d a84-339-1464-2 a821.134.2(729.1)-31"19"1 aDíaz, Jesús.94412814aLas palabras perdidas / cJesús Díaz. aBarcelona : bAnagrama, c[1996] a348 p. ; c19 cm.1 aCompactos Anagrama ; v1330 aCompactos Anagrama ; v1339180205 aES-MaACLjE-10950 bR.135573 c92645d92645 00104070aATENEOMbATENEOMcDEPO2d2008-01-17eSCl0oE-10950p1096719r2023-02-23 00:00:00w2023-02-23yMONOGRAFIA